[Event "March 1800+"]
[Site "SchemingMind.com"]
[Date "2016.03.12"]
[Round "-"]
[White "Stephen Woodhouse"]
[Black "frankly"]
[Result "0-1"]
[WhiteCountry "ENG"]
[BlackCountry "ENG"]
[WhiteElo "1824"]
[WhiteRD "49"]
[BlackElo "2439"]
[BlackRD "55"]
[GameID "396539"]

1. e4 e5 2. Nf3 Nc6 3. d4 exd4 4. Nxd4 Nf6 5. Nc3 Bb4 6. Nxc6 bxc6 7. Bd3 d5 8. exd5 cxd5 9. O-O O-O 10. Bg5 c6
11. Qf3 Be7 12. Rae1 Re8 13. Qg3 Be6 14. f4 Rb8 15. Nd1 Qd6 16. Re5 c5 17. Rfe1 c4 18. Be2 Ne4 19. Bxe7 Qxe5 20. fxe5 Nxg3
21. Bd6 Nxe2+ 22. Rxe2 Rbd8 23. Rd2 f6 24. Ne3 Bf7 25. Bc5 fxe5 26. Bxa7 Ra8 27. Bb6 d4 28. Nf5 Rxa2 29. Nd6 Rb8 30. Nxf7 Kxf7
31. Rf2+ Ke6 32. Bc5 Rbxb2
0-1

[Event "March 1800+"]
[Site "SchemingMind.com"]
[Date "2016.03.12"]
[Round "-"]
[White "frankly"]
[Black "Stephen Woodhouse"]
[Result "1-0"]
[WhiteCountry "ENG"]
[BlackCountry "ENG"]
[WhiteElo "2439"]
[WhiteRD "55"]
[BlackElo "1824"]
[BlackRD "49"]
[GameID "396540"]

1. e4 e6 2. d4 d5 3. Nc3 Nf6 4. Bg5 dxe4 5. Nxe4 Be7 6. Bxf6 Bxf6 7. Nf3 O-O 8. Qd2 Nd7 9. O-O-O b6 10. Bc4 Bb7
11. Rhe1 c5 12. d5 exd5 13. Bxd5 Bxd5 14. Qxd5
1-0

[Event "March 1800+"]
[Site "SchemingMind.com"]
[Date "2016.04.04"]
[Round "-"]
[White "Stephen Woodhouse"]
[Black "flyinduck"]
[Result "0-1"]
[WhiteCountry "ENG"]
[BlackCountry "CAN"]
[WhiteElo "1831"]
[WhiteRD "52"]
[BlackElo "2135"]
[BlackRD "56"]
[GameID "397571"]

1. e4 Nf6 2. Nc3 e5 3. Nf3 Nc6 4. d4 Bb4 5. Nxe5 O-O 6. Bd3 Nxd4 7. O-O d6 8. Nf3 Bg4 9. Be2 Nxe2+ 10. Qxe2 Bxc3
11. bxc3 Re8 12. Bg5 Re5 13. Bxf6 Qxf6 14. Rfe1 Rae8 15. h3 Bxf3 16. Qxf3 Qxf3 17. gxf3 f5 18. Rab1 b6 19. Rb4 d5 20. Kf1 fxe4
21. fxe4 dxe4 22. Re3 Kf7 23. Rd4 R8e7 24. Kg2 Kf6 25. c4 Kf5 26. Kg3 g5 27. Rd5 h5 28. a4 h4+ 29. Kg2 Rxd5 30. cxd5 Ke5
31. f3 Kxd5 32. fxe4+ Rxe4 33. Rd3+ Rd4
0-1

[Event "March 1800+"]
[Site "SchemingMind.com"]
[Date "2016.04.04"]
[Round "-"]
[White "flyinduck"]
[Black "Stephen Woodhouse"]
[Result "1-0"]
[WhiteCountry "CAN"]
[BlackCountry "ENG"]
[WhiteElo "2130"]
[WhiteRD "58"]
[BlackElo "1849"]
[BlackRD "52"]
[GameID "397572"]

1. d4 e6 2. c4 d5 3. Nc3 c5 4. cxd5 exd5 5. Nf3 Nc6 6. g3 Nf6 7. Bg2 Be7 8. O-O O-O 9. Bg5 c4 10. Ne5 Be6
11. Nxc6 bxc6 12. b3 Qa5 13. Na4 Rfd8 14. e3 Rac8 15. Bxf6 Bxf6 16. Nc5 Qb4 17. bxc4 dxc4 18. Rb1 Qa3 19. Nxe6 fxe6 20. Qc2 c5
21. Qxc4 cxd4 22. Qxe6+ Kh8 23. exd4 Bxd4 24. Be4 Qd6 25. Qh3 g6 26. Rb7 Bg7 27. Rxa7 Rc4 28. Re1 Rd4 29. Re2 Rd2 30. Qg4 Rxe2
31. Qxe2 Rf8 32. Ra8 Bd4 33. Rxf8+ Qxf8 34. Kg2 Kg7 35. a4 Qb4 36. Qc2 Qc3 37. Qxc3 Bxc3 38. f4 Kf6 39. Kf3 Ke6 40. g4 Kd6
41. g5 Ke6 42. Kg4 Kf7 43. h4 Ke7 44. h5 Kf7 45. hxg6+ hxg6 46. f5 gxf5+ 47. Kxf5 Ke7 48. Bd5 Kd6 49. Bc4 Kc5 50. Bb3 Kb4
51. Bc2 Ka5 52. Ke6 Kb4 53. Kf7 Bd4 54. g6 Ka5 55. g7 Bxg7 56. Kxg7 Ka6 57. Kf7 Ka7 58. Ke7 Ka8 59. Kd7 Kb8 60. Kc6 Ka7
61. Bd3 Ka8 62. Kb6
1-0

[Event "March 1800+"]
[Site "SchemingMind.com"]
[Date "2016.04.04"]
[Round "-"]
[White "frankly"]
[Black "flyinduck"]
[Result "1-0"]
[WhiteCountry "ENG"]
[BlackCountry "CAN"]
[WhiteElo "2468"]
[WhiteRD "55"]
[BlackElo "2135"]
[BlackRD "56"]
[GameID "397573"]

1. e4 e5 2. Nf3 Nf6 3. Nxe5 d6 4. Nf3 Nxe4 5. d4 d5 6. Bd3 Be7 7. O-O Nc6 8. c4 Nb4 9. Be2 O-O 10. Nc3 Bf5
11. a3 Nxc3 12. bxc3 Nc6 13. Re1 Re8 14. cxd5 Qxd5 15. Bf4 Bd6 16. c4 Qe4 17. Be3 Rad8 18. Ra2 Bg6 19. d5 Ne5 20. c5 Bf8
21. Rd2 Nc4 22. Bd3 Nxd2 23. Bxe4 Nxe4 24. h4 Nxc5 25. Bxc5 Bxc5 26. Rxe8+ Rxe8 27. Qb3 Bb6 28. a4 h6 29. a5
1-0

[Event "March 1800+"]
[Site "SchemingMind.com"]
[Date "2016.04.04"]
[Round "-"]
[White "flyinduck"]
[Black "frankly"]
[Result "0-1"]
[WhiteCountry "CAN"]
[BlackCountry "ENG"]
[WhiteElo "2135"]
[WhiteRD "56"]
[BlackElo "2468"]
[BlackRD "55"]
[GameID "397574"]

1. d4 Nf6 2. c4 e6 3. Nc3 Bb4 4. f3 d5 5. a3 Bxc3+ 6. bxc3 c5 7. cxd5 Nxd5 8. Qd3 b6 9. e4 Ba6 10. c4 Ne7
11. d5 exd5 12. exd5 O-O 13. Bb2 Nd7 14. Nh3 Rb8 15. a4 Ng6 16. O-O-O Nde5 17. Qc3 f6 18. f4 Ng4 19. Qg3 Nh6 20. Bd3 Bc8
21. Rde1 Bf5 22. Bxf5 Nxf5 23. Qd3 Nd4 24. Re3 Qd7 25. Rhe1 Qxa4 26. g4 b5 27. cxb5 Rxb5 28. g5 Rxb2 29. Kxb2 Rb8+
0-1

[Event "March 1800+"]
[Site "SchemingMind.com"]
[Date "2016.04.06"]
[Round "-"]
[White "Stephen Woodhouse"]
[Black "greghghs"]
[Result "0-1"]
[WhiteCountry "ENG"]
[BlackCountry "ENG"]
[WhiteElo "1842"]
[WhiteRD "51"]
[BlackElo "2000"]
[BlackRD "95"]
[GameID "397729"]

1. e4 e5 2. Nf3 Nc6 3. d4 exd4 4. Nxd4 Nf6 5. Nc3 Bb4 6. Nxc6 bxc6 7. Bd3 d5 8. exd5 Qe7+ 9. Qe2 cxd5 10. Qxe7+ Kxe7
11. Bg5 d4 12. a3 dxc3 13. axb4 cxb2 14. Rb1 a5 15. bxa5 Rxa5 16. Kd2 Rxg5
0-1

[Event "March 1800+"]
[Site "SchemingMind.com"]
[Date "2016.04.06"]
[Round "-"]
[White "greghghs"]
[Black "Stephen Woodhouse"]
[Result "1-0"]
[WhiteCountry "ENG"]
[BlackCountry "ENG"]
[WhiteElo "2000"]
[WhiteRD "95"]
[BlackElo "1842"]
[BlackRD "51"]
[GameID "397730"]

1. e4 e6 2. d4 d5 3. Nc3 Nf6 4. e5 Nfd7 5. Nce2 c5 6. c3 Nc6 7. Nf3 Qb6 8. a3 cxd4 9. cxd4 f6 10. exf6 Nxf6
11. Nc3 Bd6 12. Bd3 O-O 13. O-O e5 14. dxe5 Nxe5 15. Nxe5 Bxe5 16. Nxd5 Nxd5 17. Qh5 Bxh2+ 18. Qxh2 Nf6 19. Be3 Qxb2 20. Qd6 Bd7
21. Bd4
1-0

[Event "March 1800+"]
[Site "SchemingMind.com"]
[Date "2016.04.06"]
[Round "-"]
[White "frankly"]
[Black "greghghs"]
[Result "1-0"]
[WhiteCountry "ENG"]
[BlackCountry "ENG"]
[WhiteElo "2468"]
[WhiteRD "55"]
[BlackElo "2022"]
[BlackRD "88"]
[GameID "397731"]

1. e4 e5 2. Nf3 Nc6 3. d4 exd4 4. Nxd4 Nf6 5. Nxc6 bxc6 6. e5 Qe7 7. Qe2 Nd5 8. c4 Nb6 9. Nc3 Qe6 10. Qe4 d5
11. cxd5 cxd5 12. Qe3 c6 13. f4 Nd7 14. Qg3 f6 15. Be2 fxe5 16. fxe5 d4 17. Ne4 Qxe5 18. O-O Qxg3 19. Nxg3 Kd8 20. Nf5 Bc5
21. Bg5+ Kc7 22. Bf4+ Kd8 23. Bf3 Bb7 24. Nxg7 Kc8 25. Bg4 Rg8 26. Be5
1-0

[Event "March 1800+"]
[Site "SchemingMind.com"]
[Date "2016.04.06"]
[Round "-"]
[White "greghghs"]
[Black "frankly"]
[Result "0-1"]
[WhiteCountry "ENG"]
[BlackCountry "ENG"]
[WhiteElo "2000"]
[WhiteRD "95"]
[BlackElo "2433"]
[BlackRD "56"]
[GameID "397732"]

1. e4 c5 2. Nf3 Nc6 3. d4 cxd4 4. Nxd4 Nf6 5. Nc3 e5 6. Ndb5 d6 7. Bg5 a6 8. Na3 b5 9. Bxf6 gxf6 10. Nd5 f5
11. Bd3 Be6 12. O-O Bxd5 13. exd5 Ne7 14. Nxb5 Bg7 15. Nc3 e4 16. Bc4 Qc7 17. Qe2 O-O 18. Rad1 Ng6 19. Kh1 Be5 20. Na4 Nf4
0-1

[Event "March 1800+"]
[Site "SchemingMind.com"]
[Date "2016.04.06"]
[Round "-"]
[White "greghghs"]
[Black "flyinduck"]
[Result "0-1"]
[WhiteCountry "ENG"]
[BlackCountry "CAN"]
[WhiteElo "1956"]
[WhiteRD "82"]
[BlackElo "2093"]
[BlackRD "56"]
[GameID "397733"]

1. e4 c5 2. Nf3 Nc6 3. d4 cxd4 4. Nxd4 Nf6 5. Nc3 e5 6. Ndb5 d6 7. Bg5 a6 8. Na3 b5 9. Bxf6 gxf6 10. Nd5 f5
11. Bd3 Be6 12. O-O Bxd5 13. exd5 Ne7 14. Nxb5 Bg7 15. Nc3 e4 16. Bc4 Ng6 17. Qd2 O-O 18. Rae1 Qh4 19. Nd1 f4 20. Kh1 f5
21. Rg1 Ne5 22. Bf1 Ng4 23. h3 e3 24. fxe3 Qg3
0-1

[Event "March 1800+"]
[Site "SchemingMind.com"]
[Date "2016.04.06"]
[Round "-"]
[White "flyinduck"]
[Black "greghghs"]
[Result "1-0"]
[WhiteCountry "CAN"]
[BlackCountry "ENG"]
[WhiteElo "2130"]
[WhiteRD "58"]
[BlackElo "1999"]
[BlackRD "83"]
[GameID "397734"]

1. d4 f5 2. e4 fxe4 3. Nc3 Nf6 4. Bg5 c6 5. f3 Qb6 6. fxe4 Qxb2 7. Bd2 Qb6 8. Nf3 d5 9. Rb1 Qd8 10. e5 Ne4
11. Bd3 Nxd2 12. Qxd2 g6 13. O-O Bg7 14. Ng5 Bh6 15. Qf4 Bxg5 16. Qxg5 Qd7 17. e6 Qd6 18. Qh6 Qxe6 19. Rbe1 Qd6 20. Qg7
1-0

[Event "March 1800+"]
[Site "SchemingMind.com"]
[Date "2016.04.16"]
[Round "-"]
[White "Till Plewe"]
[Black "Stephen Woodhouse"]
[Result "1-0"]
[WhiteCountry "JPN"]
[BlackCountry "ENG"]
[WhiteElo "2403"]
[WhiteRD "101"]
[BlackElo "1849"]
[BlackRD "52"]
[GameID "398159"]

1. e4 e6 2. d4 d5 3. Nc3 Nf6 4. e5 Nfd7 5. f4 c5 6. Nf3 Nc6 7. Be3 cxd4 8. Nxd4 Bc5 9. Qd2 Nxd4 10. Bxd4 Bxd4
11. Qxd4 Qb6 12. Qd2 Nc5 13. O-O-O Bd7 14. Qd4 Bc6 15. h4 h5 16. Rh3 g6 17. b4 Nd7 18. b5 Qxd4 19. Rxd4 Rc8 20. Ra4 Nb6
21. Rxa7 Bd7 22. Rxb7 Nc4 23. Bxc4 Rxc4 24. Rb8+ Rc8 25. Rxc8+ Bxc8 26. Ne2 Ke7 27. a4 Bd7 28. Kb2 Rc8 29. Rc3 f6 30. Rxc8 Bxc8
31. Kc3 Bb7 32. Nd4 fxe5 33. fxe5
1-0

[Event "March 1800+"]
[Site "SchemingMind.com"]
[Date "2016.04.16"]
[Round "-"]
[White "Stephen Woodhouse"]
[Black "Till Plewe"]
[Result "0-1"]
[WhiteCountry "ENG"]
[BlackCountry "JPN"]
[WhiteElo "1875"]
[WhiteRD "53"]
[BlackElo "2434"]
[BlackRD "90"]
[GameID "398160"]

1. e4 e5 2. Nf3 Nc6 3. d4 exd4 4. Nxd4 Nf6 5. Nc3 Bb4 6. Nxc6 bxc6 7. Bd3 O-O 8. O-O d5 9. exd5 cxd5 10. Bg5 c6
11. Qf3 h6 12. Bxf6 Qxf6 13. Qxf6 gxf6 14. Ne2 Re8 15. Ng3 Bb7 16. Nf5 Bf8 17. Rfe1 Re5 18. f4 Re6 19. Kf1 Rae8 20. Nd4 Rxe1+
21. Rxe1 Rxe1+ 22. Kxe1 c5 23. Nf5 c4 24. Be2 Bc8 25. Bg4 Be6 26. Ne3 Bc5 27. Bxe6 fxe6 28. Ke2 Kf7 29. b3 cxb3 30. axb3 Ke7
31. Kd3 h5 32. c3 Kd6 33. b4 Bb6 34. g3 Kc6 35. h3 f5 36. Nc2 Bf2 37. Nd4+ Kd7 38. Ne2 Kd6 39. c4 dxc4+ 40. Kxc4 e5
41. b5 h4 42. fxe5+ Kxe5 43. gxh4 Bxh4 44. Kd3 Bf2 45. Nc3 Kf4 46. Ke2 Bc5 47. Na4 Bd4 48. Kd3 Bg1 49. Nc3 Bc5 50. Na4 Bb6
51. Nxb6 axb6 52. h4 Kg4 53. Ke3 f4+ 54. Kf2 Kxh4 55. Kf3 Kg5 56. Kf2 Kf5
0-1

[Event "March 1800+"]
[Site "SchemingMind.com"]
[Date "2016.04.16"]
[Round "-"]
[White "Till Plewe"]
[Black "frankly"]
[Result "1/2-1/2"]
[WhiteCountry "JPN"]
[BlackCountry "ENG"]
[WhiteElo "2434"]
[WhiteRD "90"]
[BlackElo "2466"]
[BlackRD "57"]
[GameID "398161"]

1. e4 e5 2. Nf3 Nc6 3. Bb5 a6 4. Ba4 Nf6 5. O-O Be7 6. Re1 b5 7. Bb3 d6 8. c3 O-O 9. h3 Nb8 10. d3 Nbd7
11. Nbd2 c5 12. Nf1 Nb6 13. Ng3 c4 14. Bc2 cxd3 15. Qxd3 Be6 16. Nh4 g6 17. Bh6 Re8 18. Nf3 Nfd7 19. Qd2 Nc5 20. b3 Qc7
21. Ng5 Bc8 22. f4 f6 23. Nf3 exf4 24. Ne2 Bb7 25. Nxf4 Bf8 26. Bxf8 Kxf8 27. Rad1 Rac8 28. Qxd6+ Qxd6 29. Rxd6 Ncd7 30. Re3 Ke7
31. Rd1 Ne5 32. Nd4 Kf7 33. Kf2 Red8 34. Nf3 Rxd1 35. Bxd1 Ke7 36. Bc2 Nbd7 37. Ke2 Nxf3 38. gxf3 g5=
1/2-1/2

[Event "March 1800+"]
[Site "SchemingMind.com"]
[Date "2016.04.16"]
[Round "-"]
[White "frankly"]
[Black "Till Plewe"]
[Result "1/2-1/2"]
[WhiteCountry "ENG"]
[BlackCountry "JPN"]
[WhiteElo "2466"]
[WhiteRD "57"]
[BlackElo "2434"]
[BlackRD "90"]
[GameID "398162"]

1. e4 e5 2. Nf3 Nc6 3. d4 exd4 4. Nxd4 Nf6 5. Nxc6 bxc6 6. e5 Qe7 7. Qe2 Nd5 8. c4 Nb6 9. Nc3 Qe6 10. Qe4 Bb4
11. Bd2 Ba6 12. b3 Bxc3 13. Bxc3 d5 14. Qh4 dxc4 15. Be2 Nd5 16. Bxc4 g5 17. Bxd5 gxh4 18. Bxe6 fxe6 19. Bd4 O-O-O 20. Bxa7 Rd5
21. Be3 Rxe5 22. O-O-O Rg8 23. Rhg1 h3 24. gxh3 Rxg1 25. Rxg1 Bd3 26. Kd2 Bf5 27. Rg7 Rd5+ 28. Kc3 Bg6 29. Re7 Bf5 30. h4 Rd7
31. Re8+ Rd8 32. Rxd8+ Kxd8 33. f4 Kc8= 34. a4 Kb7 35. Kc4 Bc2 36. a5 Bd1 37. b4 Be2+ 38. Kc5 h5 39. Bd4 Bd3 40. Bb2 Be2
41. Bc3 Bd3 42. Bd4 Be2 43. Ba1=
1/2-1/2

[Event "March 1800+"]
[Site "SchemingMind.com"]
[Date "2016.04.16"]
[Round "-"]
[White "Till Plewe"]
[Black "greghghs"]
[Result "1-0"]
[WhiteCountry "JPN"]
[BlackCountry "ENG"]
[WhiteElo "2403"]
[WhiteRD "101"]
[BlackElo "1999"]
[BlackRD "83"]
[GameID "398163"]

1. e4 e5 2. Nf3 Nc6 3. Bb5 f5 4. Nc3 fxe4 5. Nxe4 Nf6 6. Nxf6+ gxf6 7. d4 d6 8. Ng5 exd4 9. Qh5+ Kd7 10. Nf7 Qe8+
11. Kd1
1-0

[Event "March 1800+"]
[Site "SchemingMind.com"]
[Date "2016.04.16"]
[Round "-"]
[White "greghghs"]
[Black "Till Plewe"]
[Result "0-1"]
[WhiteCountry "ENG"]
[BlackCountry "JPN"]
[WhiteElo "1956"]
[WhiteRD "82"]
[BlackElo "2434"]
[BlackRD "90"]
[GameID "398164"]

1. e4 e5 2. Nf3 Nc6 3. Bc4 Nf6 4. Ng5 d5 5. exd5 Na5 6. Bb5+ c6 7. dxc6 bxc6 8. Bd3 Nd5 9. Ne4 f5 10. Nec3 Nf4
11. Bf1 Bc5 12. d3 O-O 13. g3 Re8 14. Be3 Bd4 15. Qc1 c5 16. Nd1 Bb7 17. Rg1 Ne6 18. Bh3 f4 19. Bxe6+ Rxe6 20. Bxd4 exd4+
21. Kf1 Qe7
0-1

[Event "March 1800+"]
[Site "SchemingMind.com"]
[Date "2016.04.16"]
[Round "-"]
[White "Till Plewe"]
[Black "flyinduck"]
[Result "1-0"]
[WhiteCountry "JPN"]
[BlackCountry "CAN"]
[WhiteElo "2434"]
[WhiteRD "90"]
[BlackElo "2093"]
[BlackRD "56"]
[GameID "398165"]

1. e4 e5 2. Nf3 Nf6 3. Nc3 Nc6 4. Bb5 Nd4 5. Bc4 Bc5 6. Nxe5 Qe7 7. Nf3 d5 8. Bxd5 Bg4 9. d3 c6 10. Bb3 Nd7
11. Be3 Ne5 12. Nxd4 Bxd1 13. Nf5 Qf8 14. Bxc5 Qxc5 15. d4 Qf8 16. Rxd1 Ng6 17. e5 O-O-O 18. O-O Ne7 19. Nd6+ Rxd6 20. exd6 Nf5
21. d5 c5 22. Ne4 b6 23. d7+ Kxd7 24. Ba4+ Kd8 25. d6 h5 26. Rd5 Nd4 27. Re1 Ne6 28. d7 c4 29. Ng5 a6 30. Rxe6
1-0

[Event "March 1800+"]
[Site "SchemingMind.com"]
[Date "2016.04.17"]
[Round "-"]
[White "flyinduck"]
[Black "Till Plewe"]
[Result "0-1"]
[WhiteCountry "CAN"]
[BlackCountry "JPN"]
[WhiteElo "2093"]
[WhiteRD "56"]
[BlackElo "2434"]
[BlackRD "90"]
[GameID "398166"]

1. d4 d5 2. c4 c6 3. cxd5 cxd5 4. Nc3 Nf6 5. Bf4 Nc6 6. e3 Bf5 7. Qb3 Na5 8. Qa4+ Bd7 9. Qc2 e6 10. Bd3 Bb4
11. Nf3 Nh5 12. Bg5 f6 13. Bh4 g5 14. g4 Bxc3+ 15. Qxc3 Rc8 16. Qa3 e5 17. gxh5 e4 18. Bg3 exd3 19. Qxd3 Bg4 20. Nd2 O-O
21. h4 Nc4 22. Nxc4 Rxc4 23. Rg1 Bxh5 24. hxg5 fxg5 25. Be5 Bg6 26. Qa3 Qc8
0-1

[Event "March 1800+"]
[Site "SchemingMind.com"]
[Date "2016.04.20"]
[Round "-"]
[White "Till Plewe"]
[Black "Andrea Carra"]
[Result "1-0"]
[WhiteCountry "JPN"]
[BlackCountry "ITA"]
[WhiteElo "2438"]
[WhiteRD "92"]
[BlackElo "1985"]
[BlackRD "105"]
[GameID "398266"]

1. e4 d6 2. d4 Nf6 3. Nc3 e5 4. Nf3 Nbd7 5. Bc4 Be7 6. a4 O-O 7. O-O c6 8. h3 Qc7 9. Re1 exd4 10. Nxd4 Nb6
11. Ba2 Re8 12. a5 Nbd7 13. Bf4 Ne5 14. Bh2 Bf8 15. f4 Ng6 16. Qd3 Be6 17. Nxe6 fxe6 18. f5 Ne5 19. Qe2 Kh8 20. Bxe6 g5
21. Qe3 h6 22. Ne2 Be7 23. Nd4 Kg7 24. b4 Nh7 25. Bb3 Kf6 26. Ne6 Qc8 27. Qe2 Rh8 28. Qh5
1-0

[Event "March 1800+"]
[Site "SchemingMind.com"]
[Date "2016.04.20"]
[Round "-"]
[White "Andrea Carra"]
[Black "Till Plewe"]
[Result "0-1"]
[WhiteCountry "ITA"]
[BlackCountry "JPN"]
[WhiteElo "1973"]
[WhiteRD "104"]
[BlackElo "2440"]
[BlackRD "90"]
[GameID "398267"]

1. d4 d5 2. c4 c6 3. Nf3 Nf6 4. e3 Bf5 5. Nc3 a6 6. Qb3 Ra7 7. a4 e6 8. Nh4 Be4 9. f3 dxc4 10. Bxc4 Bd5
11. e4 Bxc4 12. Qxc4 Nxe4 13. Nxe4 Qxh4+ 14. g3 Qh5 15. O-O Qd5 16. b3 Be7 17. Qxd5 cxd5 18. Nf2 Nc6 19. Bb2 Bf6 20. Rfd1 h5
21. Kf1 Ra8 22. Bc3 Rc8 23. Ke2 Ne7 24. Kd3 Nf5 25. Bb2 Kd7 26. Rac1 g6 27. Nh3 Rc6 28. Ng1 Rhc8 29. Ne2 Bg5 30. f4 Bf6
31. Ba3 Rb8 32. Rc5 Be7 33. Rxc6 bxc6 34. Bxe7 Rxb3+ 35. Kc2 Re3 36. Nc3 Kxe7 37. Rd3 Re1 38. Kb3 a5
0-1

[Event "March 1800+"]
[Site "SchemingMind.com"]
[Date "2016.04.20"]
[Round "-"]
[White "Andrea Carra"]
[Black "Stephen Woodhouse"]
[Result "1/2-1/2"]
[WhiteCountry "ITA"]
[BlackCountry "ENG"]
[WhiteElo "2043"]
[WhiteRD "113"]
[BlackElo "1831"]
[BlackRD "52"]
[GameID "398268"]

1. d4 e6 2. e4 d5 3. Nd2 c5 4. Ngf3 cxd4 5. exd5 Qxd5 6. Bc4 Qd6 7. O-O Nf6 8. Nb3 Nc6 9. Nbxd4 Nxd4 10. Nxd4 a6
11. Nf3 Qxd1 12. Rxd1 Bd7 13. Bf4 Rc8 14. Bb3 Be7 15. Ne5 Bc6 16. Nxc6 Rxc6 17. Rd3 O-O 18. Rad1 Rcc8 19. Bd6 Bxd6 20. Rxd6 Rfe8
21. c3 Kf8 22. f3 Ke7 23. Kf2 Red8 24. Rxd8 Rxd8 25. Rxd8 Kxd8 26. Ke3 Kd7 27. Bc2 Kd6 28. Bd3 Nd5+ 29. Kd2 g6 30. c4 Nb4
31. Bb1 e5 32. a3 Nc6 33. b4 Nd4 34. Bd3 f5 35. a4 b6 36. Kc3 a5 37. c5+ bxc5 38. bxa5 Nc6 39. a6 Kc7 40. Bc4 Kb6
41. Bd5 Nb4 42. Bg8 h6 43. Bh7 Nd5+ 44. Kd3 Kxa6 45. Kc4 e4 46. fxe4 fxe4 47. Kb3 e3 48. Kc2 Ka5 49. Bxg6 Kxa4 50. Be4 e2
51. Kd2 Nc3 52. Bc2+ Kb4 53. g4 Kc4 54. h4 Kd5 55. Bd3 Ke5 56. Bxe2 Nxe2=
1/2-1/2

[Event "March 1800+"]
[Site "SchemingMind.com"]
[Date "2016.04.21"]
[Round "-"]
[White "Stephen Woodhouse"]
[Black "Andrea Carra"]
[Result "0-1"]
[WhiteCountry "ENG"]
[BlackCountry "ITA"]
[WhiteElo "1831"]
[WhiteRD "52"]
[BlackElo "2043"]
[BlackRD "113"]
[GameID "398269"]

1. e4 d6 2. d4 Nf6 3. Nc3 b6 4. Bd3 e5 5. Nf3 Bb7 6. dxe5 dxe5 7. Nxe5 Nbd7 8. Nxd7 Qxd7 9. O-O O-O-O 10. Qe2 Kb8
11. a4 Bd6 12. a5 Rhe8 13. axb6 cxb6 14. Bb5 Bc6 15. Bg5 Bxb5 16. Qxb5 Be5 17. Qb4 Bxc3 18. Qxc3 Nxe4 19. Bf4+ Kb7 20. Qa3 a5
21. b4 a4 22. Qxa4 Qxa4 23. Rxa4 Nc3 24. Ra3 Ne2+
0-1

[Event "March 1800+"]
[Site "SchemingMind.com"]
[Date "2016.04.20"]
[Round "-"]
[White "Andrea Carra"]
[Black "frankly"]
[Result "0-1"]
[WhiteCountry "ITA"]
[BlackCountry "ENG"]
[WhiteElo "2043"]
[WhiteRD "113"]
[BlackElo "2468"]
[BlackRD "55"]
[GameID "398270"]

1. d4 Nf6 2. c4 e6 3. Nc3 Bb4 4. e3 O-O 5. Bd3 d5 6. Nf3 c5 7. O-O Nc6 8. a3 Bxc3 9. bxc3 Qc7 10. Bb2 dxc4
11. Bxc4 e5 12. h3 Bf5 13. Qe2 Rac8 14. Ba2 e4 15. Nd2 Rfd8 16. Nb3 cxd4 17. cxd4 Be6 18. Nc5 Bxa2 19. Rxa2 b6 20. Na6 Qd7
21. Raa1 Nd5 22. Qb5 Nxd4 23. Qxd7 Ne2+ 24. Kh2 Rxd7 25. Nb4 Nxb4 26. axb4 f6 27. Rfd1 Rd3 28. Rxd3 exd3 29. Rd1 Rc2 30. Bd4 d2
31. g3 a5
0-1

[Event "March 1800+"]
[Site "SchemingMind.com"]
[Date "2016.04.20"]
[Round "-"]
[White "frankly"]
[Black "Andrea Carra"]
[Result "1-0"]
[WhiteCountry "ENG"]
[BlackCountry "ITA"]
[WhiteElo "2468"]
[WhiteRD "55"]
[BlackElo "2043"]
[BlackRD "113"]
[GameID "398271"]

1. e4 d6 2. d4 Nf6 3. Nc3 e5 4. Nf3 Nbd7 5. Bc4 Be7 6. O-O O-O 7. Re1 c6 8. a4 b6 9. d5 cxd5 10. Nxd5 Bb7
11. b3 Nxd5 12. Bxd5 Bxd5 13. Qxd5 Rc8 14. c4 Qc7 15. Qd1 Nc5 16. Ba3 Ne6 17. Nd2 Nd4 18. Nb1 f5 19. Nc3 Qd7 20. Nb5 Nxb5
21. Qd5+ Kh8 22. axb5 f4 23. f3 Rf6 24. Red1 g5 25. Qxe5 Kg7 26. Qxg5+ Rg6 27. Bb2+
1-0

[Event "March 1800+"]
[Site "SchemingMind.com"]
[Date "2016.04.24"]
[Round "-"]
[White "Andrea Carra"]
[Black "greghghs"]
[Result "1/2-1/2"]
[WhiteCountry "ITA"]
[BlackCountry "ENG"]
[WhiteElo "1985"]
[WhiteRD "105"]
[BlackElo "1982"]
[BlackRD "83"]
[GameID "398272"]

1. d4 f5 2. g3 g6 3. Bg2 Bg7 4. Nf3 Nf6 5. O-O O-O 6. c4 d6 7. Nc3 c6 8. d5 e5 9. dxe6 Bxe6 10. Nd2 d5
11. cxd5 Nxd5 12. Nxd5 Bxd5 13. Bxd5+ Qxd5 14. Qc2 Nd7 15. Nb3 Nb6 16. Bd2 Rae8 17. Bb4 Rf7 18. e3 Qe4 19. Qxe4 fxe4 20. Bc3 Bxc3
21. bxc3 Na4 22. Rac1 Nb2 23. Rc2 Nd3 24. Nc1 Nxc1=
1/2-1/2

[Event "March 1800+"]
[Site "SchemingMind.com"]
[Date "2016.04.24"]
[Round "-"]
[White "greghghs"]
[Black "Andrea Carra"]
[Result "1-0"]
[WhiteCountry "ENG"]
[BlackCountry "ITA"]
[WhiteElo "1982"]
[WhiteRD "83"]
[BlackElo "1985"]
[BlackRD "105"]
[GameID "398273"]

1. e4 d6 2. d4 Nf6 3. Nc3 e5 4. Nf3 Nbd7 5. Bc4 Be7 6. O-O O-O 7. a4 c6 8. Qe2 h6 9. Rd1 exd4 10. Nxd4 Ne5
11. Bb3 Re8 12. h3 Bf8 13. f4 Ng6 14. Qd3 Qc7 15. Rf1 a5 16. Bd2 b6 17. Rae1 Nd7 18. Bc4 Be7 19. Bxf7+ Kxf7 20. Qc4+ d5
21. Nxd5 Ba6 22. Nb5 Bxb5 23. axb5 Bc5+ 24. Qxc5
1-0

[Event "March 1800+"]
[Site "SchemingMind.com"]
[Date "2016.04.21"]
[Round "-"]
[White "Andrea Carra"]
[Black "flyinduck"]
[Result "1/2-1/2"]
[WhiteCountry "ITA"]
[BlackCountry "CAN"]
[WhiteElo "1985"]
[WhiteRD "105"]
[BlackElo "2080"]
[BlackRD "57"]
[GameID "398274"]

1. d4 d5 2. c4 c6 3. Nf3 Nf6 4. Nc3 e6 5. e3 Nbd7 6. Bd3 dxc4 7. Bxc4 b5 8. Bd3 Bb7 9. O-O a6 10. Bd2 Bd6
11. e4 e5 12. Rc1 O-O 13. dxe5 Nxe5 14. Nxe5 Bxe5 15. Be3 Bd4 16. Bxd4 Qxd4 17. Bc2 c5 18. Qxd4 cxd4 19. Ne2 Rad8 20. Rfd1 Bxe4
21. Bxe4 Nxe4 22. Rxd4 Rxd4 23. Nxd4 g6 24. f3 Nd6 25. Rc6 Nc4 26. Rxa6 Rd8 27. Nxb5 Nxb2 28. a4 Kg7 29. a5 Nc4 30. Ra7 Rd5
31. Nc7 Rxa5 32. Rxa5=
1/2-1/2

[Event "March 1800+"]
[Site "SchemingMind.com"]
[Date "2016.04.24"]
[Round "-"]
[White "flyinduck"]
[Black "Andrea Carra"]
[Result "1-0"]
[WhiteCountry "CAN"]
[BlackCountry "ITA"]
[WhiteElo "2053"]
[WhiteRD "55"]
[BlackElo "1877"]
[BlackRD "98"]
[GameID "398275"]

1. d4 Nf6 2. c4 e6 3. Nc3 Bb4 4. f3 O-O 5. e4 d5 6. e5 Nfd7 7. a3 Bxc3+ 8. bxc3 dxc4 9. f4 b5 10. a4 c6
11. Nf3 Nb6 12. a5 Nd5 13. Qc2 f5 14. exf6 Nxf6 15. g3 Bb7 16. Bh3 Qd5 17. O-O c5 18. Be3 cxd4 19. Bxd4 Nc6 20. Rad1 Nxd4
21. Rxd4 Qc6 22. Bg2 Qc7 23. Bh3 Bd5 24. Ng5 Qxa5 25. Bxe6+ Bxe6 26. Nxe6 Rfe8 27. f5 Qb6 28. Qf2 Qb7 29. Rfd1 Rac8 30. g4 Ne4
31. Qg2 Nc5 32. Qxb7 Nxb7 33. Rd7 Nc5 34. Nxc5 Rxc5 35. Rxa7 Rce5 36. Rdd7 Re1+ 37. Kg2 R1e2+ 38. Kg3 R8e3+ 39. Kh4 b4 40. Rxg7+ Kf8
41. cxb4 c3 42. Raf7+ Ke8 43. Rc7 Kf8 44. Rxh7 Kg8 45. Kg5
1-0

[Event "March 1800+"]
[Site "SchemingMind.com"]
[Date "2016.05.09"]
[Round "-"]
[White "Till Plewe"]
[Black "David Perna-Fraser"]
[Result "1/2-1/2"]
[WhiteCountry "JPN"]
[BlackCountry "CAN"]
[WhiteElo "2438"]
[WhiteRD "92"]
[BlackElo "2347"]
[BlackRD "68"]
[GameID "399064"]

1. e4 e5 2. Nc3 Nf6 3. Bc4 Nxe4 4. Qh5 Nd6 5. Qxe5+ Qe7 6. Qxe7+ Bxe7 7. Bb3 Nf5 8. Nf3 c6 9. O-O O-O 10. Re1 d5
11. Ne2 Re8 12. c3 Nd7 13. Bc2 Nf8 14. h3 Ng6 15. d3 Bd7 16. g3 Bd6 17. Kg2 Rac8 18. Bd2 Re7 19. Neg1 Rce8 20. Rxe7 Rxe7
21. Re1 Rxe1 22. Bxe1 c5 23. Bd2 f6 24. h4 Nfe7 25. d4 c4 26. h5 Nf8 27. Ne2 Bg4 28. Bf4 Bxf4 29. Nxf4 Ne6 30. Nxe6=
1/2-1/2